| 000 | 00535 a2200169 4500 | ||
|---|---|---|---|
| 005 | 20250531143630.0 | ||
| 020 | _a978-0-273-71213-8 | ||
| 082 | _a657 WOO | ||
| 100 | _aWOOD, F. | ||
| 245 | _aBusiness Accounting 2. | ||
| 250 | _a11th Ed. | ||
| 260 |
_aHarlow, _bPearson Education, _c2008. |
||
| 300 |
_axxi,809p.: Ill.; chart, figure, graph, picture & table _bBibliographical References & Index _c25cm. |
||
| 700 | _aSANGSTER, A. | ||
| 856 |
_yAccess Online Book _fBusiness Accounting 2 _dwww.pearsoned.co.uk/wood |
||
| 942 |
_2ddc _cBKS |
||
| 999 |
_c1360 _d1360 |
||